मुसाहिबजू : (Record no. 115722)

MARC details
000 -LEADER
fixed length control field 01171nam a22002897a 4500
003 - CONTROL NUMBER IDENTIFIER
control field dpl
005 - DATE AND TIME OF LATEST TRANSACTION
control field 20181218171656.0
008 - FIXED-LENGTH DATA ELEMENTS--GENERAL INFORMATION
fixed length control field 181218b ||||| |||| 00| 0 eng d
010 ## - LIBRARY OF CONGRESS CONTROL NUMBER
LC control number A-733803
020 ## - INTERNATIONAL STANDARD BOOK NUMBER
Terms of availability 150.00
International Standard Book Number 8173151334
035 ## - SYSTEM CONTROL NUMBER
System control number A-733803
035 ## - SYSTEM CONTROL NUMBER
System control number B-78325
037 ## - SOURCE OF ACQUISITION
Source of stock number/acquisition Cen Lib/Ret
040 ## - CATALOGING SOURCE
Original cataloging agency DPL
Language of cataloging HN
Transcribing agency dpl
082 ## - DEWEY DECIMAL CLASSIFICATION NUMBER
Classification number
Item number वर्मावृं
100 ## - MAIN ENTRY--PERSONAL NAME
Personal name वर्मा, वृंदावनलाल
9 (RLIN) 9690
245 ## - TITLE STATEMENT
Title मुसाहिबजू :
Statement of responsibility, etc वृंदावनलाल वर्मा
Remainder of title रामगढ़ की रानी /
246 ## - VARYING FORM OF TITLE
Title proper/short title Musahibjoo : raamgarh ki rani /
Remainder of title by Vrindavanlal Verma
260 ## - PUBLICATION, DISTRIBUTION, ETC. (IMPRINT)
Place of publication, distribution, etc नई दिल्ली
Name of publisher, distributor, etc प्रभात प्रकाशन
Date of publication, distribution, etc 1995
270 ## - ADDRESS
City नई दिल्ली
Address 4/19 आसफ अली रोड
Postal code 110002
300 ## - PHYSICAL DESCRIPTION
Extent 187पृ.
Dimensions 21सेमी (सजिल्द)
650 ## - SUBJECT ADDED ENTRY--TOPICAL TERM
Topical term or geographic name as entry element हिन्दी -- साहित्य
9 (RLIN) 62912
650 ## - SUBJECT ADDED ENTRY--TOPICAL TERM
Topical term or geographic name as entry element हिन्दी -- उपन्यास
9 (RLIN) 62913
650 ## - SUBJECT ADDED ENTRY--TOPICAL TERM
Topical term or geographic name as entry element Hindi -- Literature
9 (RLIN) 62914
650 ## - SUBJECT ADDED ENTRY--TOPICAL TERM
Topical term or geographic name as entry element Hindi -- Fiction
9 (RLIN) 27248
942 ## - ADDED ENTRY ELEMENTS (KOHA)
Source of classification or shelving scheme Dewey Decimal Classification
Koha item type Hindi Books
Classification part
Call number suffix वर्मावृं
Holdings
Withdrawn status Lost status Damaged status Not for loan Home library Current library Date acquired Source of acquisition Cost, normal purchase price Total Checkouts Full call number Barcode Date last seen Copy number Cost, replacement price Price effective from Koha item type Source of classification or shelving scheme Collection code Date checked out
        Central Library Central Library 21/08/2015 Cen Lib/Ret 150.00   उ वर्मावृं A-733803 21/08/2015 1 150.00 21/08/2015 Hindi Books      
        Sarojini Nagar Sarojini Nagar 18/12/2018 प्रभात प्रकाशन 150.00 2 उ वर्मावृं B-78325 04/01/2023   150.00 18/12/2018 Hindi Books Dewey Decimal Classification Fiction 31/12/2022

© Delhi Public Library
Hit Counter
free hit counter